Κατάλογος Βιβλιοθηκών Mediterranean College

Εκεί που τραγουδάνε οι καραβίδες / (Record no. 10065)

MARC details
000 -LEADER
fixed length control field 04775nam a22002417a 4500
003 - ΤΑΥΤΟΤΗΤΑ ΤΟΥ ΑΡΙΘΜΟΥ ΕΛΕΓΧΟΥ
Πεδίο ελέγχου GR-AtMCL
005 - ΗΜΕΡΟΜΗΝΙΑ ΚΑΙ ΩΡΑ ΤΕΛΕΥΤΑΙΑΣ ΕΝΗΜΕΡΩΣΗΣ
Πεδίο ελέγχου 20260119133841.0
006 - FIXED-LENGTH DATA ELEMENTS--ADDITIONAL MATERIAL CHARACTERISTICS
Πεδίο ελέγχου σταθερού μήκους a|||||r|||||||||||
008 - FIXED-LENGTH DATA ELEMENTS--GENERAL INFORMATION
Πεδίο ελέγχου σταθερού μήκους s2019||||gr ||||g ||| 000 1 gre d
020 ## - ISBN
ISBN 9786188445901
040 ## - ΠΗΓΗ ΚΑΤΑΛΟΓΟΓΡΑΦΗΣΗΣ
Φορέας πρωτότυπης καταλογογράφησης MC Athens Campus Library
Γλώσσα καταλογογράφησης Ελληνικά, Μοντέρνα (1453-)
Modifying agency MC Athens Campus Library
Κανόνες περιγραφικής καταλογογράφησης AACR2
041 1# - ΓΛΩΣΣΑ
Κωδικός γλώσσας πρωτότυπου Αγγλικά
100 ## - MAIN ENTRY--PERSONAL NAME
Personal name Owens, Delia
9 (RLIN) 10273
240 10 - ΟΜΟΙΟΜΟΡΦΟΣ ΤΙΤΛΟΣ
Ομοιόμορφος τίτλος Where the crawdads sing.
Language of a work Ελληνικά
245 10 - ΤΙΤΛΟΣ ΚΑΙ ΔΗΛΩΣΗ ΥΠΕΥΘΥΝΟΤΗΤΑΣ
Τίτλος Εκεί που τραγουδάνε οι καραβίδες /
Statement of responsibility, etc. Ντέλια Όουενς ; μετάφραση Μαργαρίτα Ζαχαριάδου
260 ## - PUBLICATION, DISTRIBUTION, ETC.
Place of publication, distribution, etc. Αθήνα :
Name of publisher, distributor, etc. Δώμα,
Date of publication, distribution, etc. 2019
300 ## - PHYSICAL DESCRIPTION
Extent 466 σ. ;
Διαστάσεις 21 εκ.
520 ## - SUMMARY, ETC.
Summary, etc. Για χρόνια, οι φήμες για την Πιτσιρίκα του Βάλτου έδιναν κι έπαιρναν στο Μπάρκλι Κόουβ, ένα ήσυχο ψαροχώρι της Βόρειας Καρολίνας. Ο θάνατος του νεαρού Τσέις Άντριους τις έκανε να φουντώσουν ακόμη περισσότερο. Ποιος θα μπορούσε να τον είχε σκοτώσει, αν όχι εκείνο το αγριοκόριτσο που ζούσε μονάχο του στα βάθη του βάλτου; Αλλά την Κάια δεν την είχαν καταλάβει. Ευαίσθητη και έξυπνη, είχε καταφέρει να επιβιώσει ολομόναχη, εγκαταλελειμμένη απ' τους ανθρώπους, παρέα με τους γλάρους και μ' όσα της δίδαξε η άμμος κι η αρμύρα. Όταν δύο νεαροί απ' το χωριό γοητεύονται απ' την άγρια ομορφιά της, η Κάια ανοίγεται σε μια καινούργια ζωή. Αλλά τότε συμβαίνει το αδιανόητο. Μια ωδή στον φυσικό κόσμο και μια σπαρακτική ιστορία ενηλικίωσης, που μας υπενθυμίζει πώς τα παιδικά μας χρόνια μάς καθορίζουν για πάντα και ότι η ανθρώπινη φύση κουβαλά αρχέγονα, βίαια μυστικά, απ' τα οποία κανένας δεν μπορεί να ξεφύγει. "Η Κάια άφησε το περιοδικό στα πόδια της με το μυαλό της να ταξιδεύει σαν τα σύννεφα. Κάποια θηλυκά έντομα τρώνε το ταίρι τους, μητέρες από την οικογένεια των θηλαστικών εγκαταλείπουν τα μικρά τους λόγω του μεγάλου στρες, πολλά αρσενικά βρίσκουν ριψοκίνδυνους ή πανούργους τρόπους ώστε το σπέρμα τους να επικρατήσει των ανταγωνιστών τους. Τίποτα δεν είναι υπερβολικά απρεπές εφόσον βοηθάει να συνεχιστεί ο κύκλος της ζωής. Η Κάια ήξερε πως αυτό δεν αποτελούσε κάποια σκοτεινή πλευρά της Φύσης· ήταν απλώς επινοητικοί τρόποι να τα βγάζεις πέρα όταν όλα είναι εναντίον σου. Και με τους ανθρώπους, το πράγμα σίγουρα πήγαινε ακόμα πιο μακριά." (Από την παρουσίαση στο οπισθόφυλλο του βιβλίου) "Επώδυνα πανέμορφο". (New York Times) "Σου κόβει την ανάσα". (The Times) «Πόσο παράξενη περίπτωση είναι η Ντέλια Όουενς. Περπατώντας ήδη την έβδομη δεκαετία της ζωής της, κι αφού προηγουμένως οι μοναδικές συγγραφικές απόπειρές της ήταν τρία memoir από τις επιστημονικές εμπειρίες της στην Αφρική, εμφανίστηκε στη λογοτεχνία πιο έτοιμη από ποτέ. Το ντεμπούτο της όχι μόνο ήταν ηχηρό, αλλά απέδειξε πως ακόμη και στην άλλη άκρη του Ατλαντικού, όπου τα Μέσα εξακολουθούν να κυριαρχούν στη δημόσια συζήτηση, υπάρχουν βιβλία που ανασύρονται από τα βάθη των ραφιών χάρη στη διαφήμιση «στόμα με στόμα».
650 #0 - SUBJECT ADDED ENTRY--TOPICAL TERM
Topical term or geographic name entry element Αμερικανική λογοτεχνία
9 (RLIN) 10235
700 ## - ΠΡΟΣΘΕΤΗ ΑΝΑΓΡΑΦΗ--ΦΥΣΙΚΟ ΠΡΟΣΩΠΟ
Personal name Ζαχαριάδου, Μαργαρίτα
9 (RLIN) 10274
942 ## - ADDED ENTRY ELEMENTS (KOHA)
Koha item type Books
Holdings
Τύπος τεκμηρίου Βιβλιοθήκη Τρέχουσα τοποθεσία Barcode Αριθμός εισαγωγής Ημερομηνία απόκτησης Ταξιθετικό σύμβολο Αριθμός αντιτύπου Κατάσταση απόσυρσης Κατάσταση χαμένου Κατάσταση κατεστραμμένου Μη δανεισμός Σύνολο δανεισμών Ημερομηνία τελευταίας εμφάνισης Η τιμή ισχύει από
Books MC Athens Campus Library MC Athens Campus Library 9780000100726 8257 19/01/2026 813.6 OWE 1           19/01/2026 19/01/2026

MC Athens Campus Library
Πατησίων 94 & Κοδριγκτώνος 13, 104 34
Πελλήνης 8 & Πατησίων 107, 112 51
Τ: +30 210 8899600

MC Thessaloniki Campus Library
Ίωνος Δραγούμη 21, 54625 | Ίωνος Δραγούμη 15, 54625
Τ: +30 2310 287779 – Τ: +30 2314 440300